000 00781nmc a2200277 a 4500
003 AR-BaBNM
005 20251128202656.0
008 207119s1968 ||||||||||||||000 | spa||
040 _cAR-BaBNM
100 1 _aDelfino, Augusto Mario
245 1 0 _aAugusto Mario Delfino
260 _aBuenos Aires
_bEdiciones Culturales Argentinas
_bSecretaría de Estado de Cultura y Educación
_c1968
300 0 _a135 p.
_bil.
490 0 _aAntologías
650 4 _aCUENTOS
650 4 _aANTOLOGIAS
650 4 _aLITERATURA CONTEMPORANEA
650 4 _aESCRITORES
653 0 _aLITERATURA URUGUAYA
653 0 _aULTRAISMO
655 _aLITERATURA
700 1 _aLozzia, Luis Mario
_eprologuista
700 1 _aPacheco I. de Delfino, Esther
_ecompilador
942 _cBK
998 _cMARTIN
999 _c82
_d82